000 01408nam a2200313 a 4500
001 BRCA_2401
005 20190320203806.0
008 121108s1697----be-a---###---#000-0#spa-u
041 _aspa
044 _abe
084 _a042
_b.V474
_c1697
100 1 _aCervantes Saavedra, Miguel de
_d1547-1616
_9213
245 1 0 _aVida y hechos del Ingenioso Cavallero Don Quixote de la Mancha
_ccompuesta por Miguel de Cervantes Saavedra.
260 _aAmberes (Bélgica)
_bHenrico y Cornelio Verdussen
_c1697
300 _a2 v.
_bil.
_c18 cm.
500 _aContenido : v 1. Prólogo del autor. Versos preliminares. Aprovación y suma del privilegio. Texto. -- v 2. Prólogo del autor. Versos preliminares. texto
500 _aEdición : Nueva edición corregida y ilustrada con 32 diferentes estampas muy donosas y apropiadas a la materia
500 _aEjemplar igual al LO-041, pero más desgastado Lúdovik Osterc
500 _aEstado físico : El volumen 2 esta deteriorado del lomo
500 _aCon ex-libris de : Newton Charles Ogle Kirkley
500 _aQM28
650 1 4 _aNovela española
_yÉpoca clásica, 1500-1700
_9215
650 1 4 _aLiteratura española
_yÉpoca clásica, 1500-1700
_9216
650 1 4 _aNovela española
_ySiglo XVII
_9217
650 1 4 _aDon Quijote (Personaje ficticio)
_eNovela
_9218
740 0 _aEl Ingenioso Hidalgo Don Quijote de la Mancha
902 _aQFM
942 _2lcc
_cB
999 _c2142
_d2142